00720 a2200193 4500020001500000050002000015100003500035245007700070264003800147300001200185440003400197500001900231650008800250700003700338700003900375700003900414700003800453700003500491 a0865436738 aPL8010 CHI 1998 aJones, Eldred Durosimieeditor aChildhood in African Literature/cEldred Duromisi Jones & Marjorie Jones aEritreabAfrica World Pressc1998 a150p. : aAfrican literature today ; 21 aIncludes index aAfrican literature -- 20th century -- History and criticismxChildren in literature aGikandi, Simoneassociate editor aInyama, Nnadozieeassociate editor aImbuga, Franciseassociate editors aNgara, Emmanueleassociate editor aQuayson, Atoeassociate editor